00593nam a22002057a 450000500170000001000130001702000100003003500130004003700160005304000120006908200180008110000190009924500890011826000280020727000610023530000210029650000200031765000140033765000360035120170124110215.0 aB-077925 c00.00 aB-077925 bCen Lib/Ret aDPLbEN a320.5312bFAR aFareed Zakaria aThe future of freedom :cby Fareed Zakariabilliberal democracy at home and abroad / aNew DelhibVikingc2003 a11, Community Centre, Panchsheel ParkbNew Delhie110017 a286p. c23cm(Hb) aIncludes index  aDemocracy aPolitical science -- Philosophy